书目信息 |
| 题名: |
小学数学教学心理学
|
|
| 作者: | 林崇德 | |
| 分册: | ||
| 出版信息: | 北京 北京教育 2001 |
|
| 页数: | 342页 | |
| 开本: | 20cm | |
| 丛书名: | ||
| 单 册: | ||
| 中图分类: | B849:G44 , B849 | |
| 科图分类: | ||
| 主题词: | 应用心理学 | |
| 电子资源: | ||
| ISBN: | 7-5303-2077-7 | |
| 000 | 00535nam0 2200193 450 | |
| 001 | 1573755331 | |
| 005 | 20150128134708.60 | |
| 010 | @a7-5303-2077-7@dCNY15.00 | |
| 100 | @a20070818d km y0chiy0120 ea | |
| 101 | 0 | @achi |
| 200 | 1 | @a小学数学教学心理学@Axiao xue shu xue jiao xue xin li xue@f林崇德@Flin chong de |
| 210 | @a北京@c北京教育@d2001 | |
| 215 | @a342页@d20cm | |
| 606 | 0 | @a应用心理学 |
| 690 | @aB849:G44@v3 | |
| 690 | @aB849@v4 | |
| 701 | 0 | @a林崇德@Alin chong de |
| 801 | 0 | @aCN@bTSSF@c20150128 |
| 905 | @aZUCC@dB849@eJY5 | |
| 小学数学教学心理学/林崇德.-北京:北京教育,2001 |
| 342页;20cm |
| ISBN 7-5303-2077-7:CNY15.00 |
| ● |
| 相关链接 |
|
|
|
|
正题名:小学数学教学心理学
索取号:B849/JY5
 
预约/预借
| 序号 | 登录号 | 条形码 | 馆藏地/架位号 | 状态 | 备注 |
| 1 | 7845978 | 278459785 | 学院路分馆/ [索取号:B849/JY5] | 在馆 |